One day

Bibliographic Details
Main Author: Nicholls, David
Format: Book
Published: London : Hodder & Stroughton , 2009
Subjects:

MARC

LEADER 00000cam a2200000 7i4500
001 0000031721
005 20160330.0
008 120329
020 |a 0340994689 
090 0 0 |a NIC   |b ENG 
100 1 |a Nicholls, David 
245 1 0 |a One day   |c David Nicholls 
260 |a London :   |b Hodder & Stroughton ,   |c 2009 
500 |a Teenager ages 13-18 years old (blue) 
650 0 |a Man   |x Women relationships   |x Fiction 
650 0 |a Women   |x College students   |x Fiction 
999 |a 0001143144   |b Book   |c Adult Collection   |e Perbadanan Perpustakaan Awam Johor